[Event "4NCL Division 2c"]
[Site "Telford, ENG"]
[Date "2018.05.07"]
[Round "11.45"]
[White "Moore, Graham J"]
[Black "Milson, Samuel A"]
[Result "1-0"]
[WhiteElo "2196"]
[BlackElo "2105"]
[PlyCount "115"]
[EventDate "2018.05.07"]
[WhiteTeam "Anglian Avengers 1"]
[BlackTeam "Grantham Sharks 2"]

1. e4 e6 2. d4 d5 3. Nc3 Bb4 4. e5 c5 5. a3 Bxc3+ 6. bxc3 Ne7 7. Qg4 O-O 8. Bd3
Nf5 9. Ne2 f6 10. exf6 Qxf6 11. Bg5 Qf7 12. Qh3 c4 13. Bxf5 Qxf5 14. Qxf5 Rxf5
15. h4 Nc6 16. Bf4 Bd7 17. f3 Re8 18. Kd2 e5 19. dxe5 Nxe5 20. Be3 Nc6 21. Rhe1
Rfe5 22. Bf2 Kf7 23. Bg3 R5e6 24. Nf4 Rxe1 25. Bxe1 d4 26. Bf2 dxc3+ 27. Kxc3
b5 28. Rd1 Ke7 29. Rd5 a6 30. h5 Kd8 31. Rg5 Re7 32. Nd5 Rf7 33. Nb4 Nxb4 34.
Kxb4 Bf5 35. c3 g6 36. hxg6 hxg6 37. Ka5 Kc7 38. Bd4 Kb7 39. f4 Re7 40. g4 Be4
41. f5 gxf5 42. gxf5 Rf7 43. f6 Bc6 44. Rg8 Bd7 45. Be5 Bc6 46. Rb8+ Ka7 47.
Rb6 Bb7 48. Rd6 Bc8 49. Bd4+ Kb8 50. Kb6 Bd7 51. Kxa6 Kc7 52. Be5 Bc6 53. Rd4+
Kc8 54. Kb6 Be8 55. Rd6 Rb7+ 56. Ka6 Rf7 57. Rb6 Rf8 58. Rb7 1-0

[Event "4NCL Division 2c"]
[Site "Telford, ENG"]
[Date "2018.05.07"]
[Round "11.46"]
[White "Kafka, Graeme"]
[Black "Menzies, Colin"]
[Result "0-1"]
[WhiteElo "2053"]
[BlackElo "2150"]
[PlyCount "66"]
[EventDate "2018.05.07"]
[WhiteTeam "Grantham Sharks 2"]
[BlackTeam "Anglian Avengers 1"]

1. e4 c5 2. Nf3 Nf6 3. Nc3 d5 4. e5 Ne4 5. Bb5+ Nc6 6. Qe2 Nxc3 7. dxc3 Bg4 8.
h3 Bxf3 9. Qxf3 e6 10. O-O Be7 11. Qg3 g6 12. Bh6 Qb6 13. c4 dxc4 14. Bxc6+
Qxc6 15. Rad1 Qc7 16. Qf4 f5 17. Bg7 Rg8 18. Qh6 Kf7 19. Bf6 Bxf6 20. exf6 Kxf6
21. g4 Rad8 22. Rxd8 Rxd8 23. g5+ Ke5 24. Qh4 Rd4 25. Qg3+ f4 26. Qf3 Qc6 27.
Re1+ Kd6 28. Qe2 Qd5 29. c3 Rd3 30. h4 Qf5 31. f3 Qd5 32. Qe4 Qxe4 33. Rxe4 e5
0-1

[Event "4NCL Division 2c"]
[Site "Telford, ENG"]
[Date "2018.05.07"]
[Round "11.47"]
[White "Cocks, Elliot"]
[Black "Russian, Carlo"]
[Result "1-0"]
[WhiteElo "2050"]
[BlackElo "2004"]
[PlyCount "97"]
[EventDate "2018.05.07"]
[WhiteTeam "Anglian Avengers 1"]
[BlackTeam "Grantham Sharks 2"]

1. c4 e5 2. Nc3 Nc6 3. Nf3 g6 4. e3 Bg7 5. d4 exd4 6. exd4 d6 7. Bg5 Nge7 8. d5
Ne5 9. Nxe5 Bxe5 10. Be2 h6 11. Bh4 O-O 12. Qd2 Bg7 13. g4 g5 14. Bg3 Ng6 15.
O-O-O a6 16. Kb1 Rb8 17. f3 b5 18. cxb5 axb5 19. Ne4 Re8 20. Bd3 Ne5 21. Bxe5
Rxe5 22. Bc2 c5 23. dxc6 d5 24. Ng3 Be6 25. Qd3 f5 26. gxf5 Bf7 27. c7 Qxc7 28.
f6 Bxf6 29. Qh7+ Kf8 30. Nh5 Rb6 31. f4 Re2 32. Rhe1 Qxc2+ 33. Qxc2 Rxc2 34.
Nxf6 Rc7 35. fxg5 hxg5 36. Nxd5 Bxd5 37. Rxd5 g4 38. Re4 Rf6 39. a3 Rf1+ 40.
Ka2 Rc4 41. Rdd4 Rxd4 42. Rxd4 Rf2 43. Rxg4 Rxh2 44. Rg5 b4 45. a4 Rh4 46. Rb5
Ke7 47. Kb3 Kd6 48. Rxb4 Rh3+ 49. Ka2 1-0

[Event "4NCL Division 2c"]
[Site "Telford, ENG"]
[Date "2018.05.07"]
[Round "11.48"]
[White "Munshi, Aditya"]
[Black "Gregory, Stephen J"]
[Result "0-1"]
[WhiteElo "1986"]
[BlackElo "2095"]
[PlyCount "132"]
[EventDate "2018.05.07"]
[WhiteTeam "Grantham Sharks 2"]
[BlackTeam "Anglian Avengers 1"]

1. b3 f5 2. Bb2 e6 3. c4 Nf6 4. g3 Be7 5. Bg2 O-O 6. Nf3 d6 7. d4 a5 8. Nc3 Na6
9. O-O Qe8 10. a3 Rb8 11. Ne1 Qg6 12. Nd3 c6 13. e3 Bd7 14. f3 b5 15. e4 bxc4
16. bxc4 c5 17. e5 dxe5 18. dxe5 Nh5 19. f4 Rfd8 20. Qe2 Bc8 21. Rad1 Bb7 22.
Nb5 Bxg2 23. Qxg2 Qe8 24. Bc3 Rxb5 25. cxb5 Qxb5 26. Nf2 Rb8 27. Qf3 g6 28. Rb1
Qe8 29. Bxa5 c4 30. Rxb8 Nxb8 31. Qa8 Kf7 32. Bc7 Nc6 33. Qxe8+ Kxe8 34. a4 Kd7
35. Bb6 g5 36. Nd1 gxf4 37. gxf4 Nb4 38. Ne3 c3 39. Bd4 c2 40. Bc3 Bc5 41. Bd2
Nd3 42. Kh1 c1=Q 43. Rxc1 Nxc1 44. Bxc1 Nxf4 45. Nc4 Nd3 46. Bh6 Kc6 47. Kg2
Kd5 48. Nd6 Nxe5 49. Ne8 Nf7 50. Bd2 Ke4 51. a5 Kd3 52. Be1 Ke2 53. Bh4 f4 54.
Nc7 f3+ 55. Kh3 e5 56. a6 f2 57. Bxf2 Kxf2 58. Kg4 e4 59. Nd5 e3 60. Nxe3 Bxe3
61. h4 Nd8 62. Kf5 Nc6 63. h5 h6 64. Kg6 Kg3 65. Kf5 Kh4 66. Kg6 Na7 0-1